000 00488nam a2200169Ia 4500
003 LK-CoDNM
008 010623t2011 xxu||||| |||| 00| 1 sin d
040 _aLK-CoDNM
_dLK-CoDNM
_eLK-CoDNM
041 _asin
080 _a301 SWA
100 _aSwarnathilaka,Nalaka
245 _aඔබේ වටිනාකම වැඩි කර ගන්න
246 _aObe Watinakama WAdi Kara Ganna
260 _bFast Publishing (Pvt) Ltd
_aColombo
_c2011
300 _b218, 21 cm
942 _cBK
999 _c130920
_d130920